MARC details
| 000 -CABECERA |
| campo de control de longitud fija |
00863nam a2200265 u 4500 |
| 005 - FECHA Y HORA DE LA ÚLTIMA TRANSACCIÓN |
| campo de control |
20240925064454.0 |
| 008 - ELEMENTOS DE LONGITUD FIJA--INFORMACIÓN GENERAL |
| campo de control de longitud fija |
081121s2006 es r 000 0 spa d |
| 020 ## - NÚMERO INTERNACIONAL NORMALIZADO PARA LIBROS |
| Número Internacional Estándar del Libro |
9788426361981 |
| 035 ## - NÚMERO DE CONTROL DEL SISTEMA |
| Número de control de sistema |
UPN01000168055 |
| 049 ## - COLECCIÓN |
| Colección |
I |
| 050 #4 - SIGNATURA TOPOGRÁFICA DE LA BIBLIOTECA DEL CONGRESO |
| Número de clasificación |
PZ74.9 |
| Número de documento/Ítem |
C2.3 |
| 100 1# - ASIENTO PRINCIPAL--NOMBRE PERSONAL |
| Nombre de persona |
Carreras de Sosa, Lydia María, |
| Fechas asociadas al nombre |
1949- |
| 9 (RLIN) |
37502 |
| 245 14 - MENCIÓN DE TÍTULO |
| Título |
Las cosas perdidas / |
| Mención de responsabilidad, etc. |
Lydia Carreras de Sosa ; il. Javier Zabala. |
| 260 ## - PUBLICACIÓN, DISTRIBUCIÓN, ETC. |
| Lugar de publicación, distribución, etc. |
Zaragoza, Esp. : |
| Nombre del editor, distribuidor, etc. |
Luis Vives, |
| Fecha de publicación, distribución, etc. |
2006. |
| 300 ## - DESCRIPCIÓN FÍSICA |
| Extensión |
115 p. : |
| Otras características físicas |
il. |
| 440 #2 - MENCIÓN DE SERIE/ASIENTO SECUNDARIO--TÍTULO |
| Título |
Ala Delta. |
| Nombre de parte o sección de la obra |
Verde ; |
| Designación de volumen o secuencia |
58 |
| 500 ## - NOTA GENERAL |
| Nota general |
"A partir de los 10 años" |
| 586 ## - NOTA DE PREMIOS |
| Nota de premios |
Novela ganadora del XVII Premio Ala Delta |
| 650 #4 - ASIENTO SECUNDARIO DE MATERIA - TERMINO TEMATICO |
| Término de materia o nombre geográfico como elemento de entrada |
ROBO (PSICOLOGIA Y ETICA) - |
| Subdivisión de forma |
NOVELA |
| 9 (RLIN) |
12576 |
| 650 #0 - ASIENTO SECUNDARIO DE MATERIA - TERMINO TEMATICO |
| Término de materia o nombre geográfico como elemento de entrada |
Amistad |
| Subdivisión de forma |
Novela |
| 9 (RLIN) |
8175 |
| 650 #4 - ASIENTO SECUNDARIO DE MATERIA - TERMINO TEMATICO |
| Término de materia o nombre geográfico como elemento de entrada |
Padres e hijos |
| 9 (RLIN) |
1360 |
| 650 #0 - ASIENTO SECUNDARIO DE MATERIA - TERMINO TEMATICO |
| Término de materia o nombre geográfico como elemento de entrada |
Literatura juvenil argentina |
| 9 (RLIN) |
12413 |
| 700 1# - ASIENTO SECUNDARIO--NOMBRE DE PERSONAL |
| Nombre de persona |
Zabala, Javier, |
| Término indicativo de función/relación |
il. |
| 905 ## - TIPO DE MATERIAL |
| Tipo de material |
Infantil |